000 00518nam a2200205Ia 4500
003 IIN
005 20250430120035.0
008 250430s2024 xx ad 001 0 eng d
020 _cRs.1025.00
_a9789356963849
040 _aIIN
_bEnglish
082 _a610.73
_bCLE
100 1 _aClement, I
245 1 _aNursing Foundation-I/
_cI. Clement
250 _a2nd ed.
260 _bJaypee
_aNew Delhi
_c2024
300 _axxiii, 572p. / V.1
500 _aIncludes Index
650 1 _aFoundation
_vNursing
942 _cBOOK
999 _c1778
_d1778